Le Livre du roy Rambaux de Frise / (Record no. 92940)

MARC details
000 -LEADER
campo de control de longitud fija 00543nam a2200169 i 4500
001 - NÚMERO DE CONTROL
campo de control 92940
003 - IDENTIFICADOR DE NÚMERO DE CONTROL
campo de control ES-MaACL
005 - FECHA Y HORA DE LA ÚLTIMA TRANSACCIÓN
campo de control 20230906181106.0
007 - CAMPO FIJO DE DESCRIPCIÓN FÍSICA--INFORMACIÓN GENERAL
campo de control de longitud fija t|
008 - DATOS DE LONGITUD FIJA--INFORMACIÓN GENERAL
campo de control de longitud fija 050331s1967 xxu ||||1| fre d
245 03 - MENCIÓN DEL TÍTULO
Título Le Livre du roy Rambaux de Frise /
Mención de responsabilidad, etc. edited by Barbara Nelson Sargent.
260 ## - PUBLICACIÓN, DISTRIBUCIÓN, ETC.
Lugar de publicación, distribución, etc. Chapel Hill :
Nombre del editor, distribuidor, etc. University of North Carolina,
Fecha de publicación, distribución, etc. 1967.
300 ## - DESCRIPCIÓN FÍSICA
Extensión 94 p. :
Otras características físicas 1 lám. ;
Dimensiones 23 cm.
700 1# - ENTRADA AGREGADA--NOMBRE PERSONAL
Nombre de persona Sargent-Baur, Barbara Nelson.
9 (RLIN) 103812
710 2# - ENTRADA AGREGADA--NOMBRE DE ENTIDAD CORPORATIVA
Nombre de entidad corporativa o nombre de jurisdicción como elemento de entrada University of North Carolina.
9 (RLIN) 7512
852 ## - LOCALIZACIÓN
Ubicación ES-MaACL
Número de control de estantería C-32366
Sublocalización o colección R.63063
Holdings
Estatus retirado Estado de pérdida Estado de daño No para préstamo Biblioteca de origen Biblioteca actual Ubicación en estantería Fecha de adquisición Fuente de adquisición Total de préstamos Signatura topográfica completa Código de barras Visto por última vez Precio de reemplazo Tipo de ítem Koha
        Biblioteca del Ateneo de Madrid Biblioteca del Ateneo de Madrid Depósito 2 17/01/2008     C-32366 1097023 23/02/2023 23/02/2023 Libro impreso